| 000 | 01037cam a2200253 4500 | ||
|---|---|---|---|
| 001 | ABS65516 | ||
| 008 | 020520n2002 000 0 eng u | ||
| 035 | _a(Sirsi) u118048 | ||
| 100 | _aJeynes, J | ||
| 245 | _aSmall talk | ||
| 260 | _c2002 | ||
| 490 |
_aFire Engineers' Journal _vMay 2002, 22-23(2) |
||
| 520 | _aUK government's proposed overhaul of fire safety law will have significant implications for small businesses. Discusses issues of 'responsible persons';extension of the risk assessment approach; fire risk management integrated within an overall risk management strategy. Any new duties should not increase the financial burden on small firms disproportionately. | ||
| 590 | _aABS | ||
| 650 | _aMANAGEMENT-HEALTH AND SAFETY-FIRE SAFETY | ||
| 650 | _aSMALL BUSINESS | ||
| 650 | _aFIRE PRECAUTIONS (WORKPLACE) REGULATIONS 1997 | ||
| 650 | _aFIRE RISK MANAGEMENT | ||
| 650 | _aRISK ASSESSMENT | ||
| 650 | _aFIRE CERTIFICATES | ||
| 650 | _aFIRE INSPECTIONS | ||
| 690 |
_aHealth and safety _96244 |
||
| 942 | _n0 | ||
| 999 |
_c70291 _d70291 |
||